1948 1731 1189 1494 1671 1612 1036 1258 1766 1047 1359 1338 1030 1450 1663 1996 1960 1671 1072 1431 1397 1787 1129 1294 1394 1897 1980 1887 1483 1938 1936 1756 1659 1043 1592 1475 1516 1423 1307 1541 1058 1455 1672 1048 1678 1300 1920 1509 1483 1310 1025 1064 1046 1187 1204 1054 1166 1301 1851 1994 1336 1142 1350 1834 1202 1909 1928 1769 1461 1327 1685 1928 1891 1691 1579 1270 1979 1169 1062 1162 1146 1492 1045 1049 1218 1171 1759 1755 1328 1391 1129 1822 1072 1437 1995 1400 1672 1216 1153 BCNSPRNW ULIB Ver.6.0+V

เปลี่ยนเป็นภาษาไทย

Change to English
 แสดงรายละเอียดบรรณานุกรม
  กลับหน้าหลัก

Brief Record : Get Marc (ISO 2709) : E-mail record : QR code < ปิดหน้าต่าง
LEADER : 00000nam 2200000uu 4500
001    13399123116
003     ULIB
008    140224s2556||||th 000 0 tha d
020    ^a9786161115029
060    ^aWY200^bส492ก
110    ^aสำนักการพยาบาล สำนักงานปลัดกระทรวง กระทรวงสาธารณสุข
245    ^aการพยาบาลผู้ป่วยทีบ้านHome Ward ^bสำนักการพยาบาล สำนักงานปลัดกระทรวง กระทรวงสาธารณสุข
260    ^aโรงพิมพ์ชุมนุมสหกรณ์การเกษตร :^bนนทบุรี,^c2556
300    ^a154 หน้า
500    ^aความสำคัญของการพยาบาลผู้ป่วยที่บ้าน วัตถุประสงค์ของการจัดทำหนังสือการพยาบาลผู้ป่วยที่บ้าน ข้อตกลงเบื้องต้น ขั้นตอนการพํมนาหนังสือการพยาบาลผู้ป่วยที่บ้าน แนวคิด ทฤษฎีที่เกี่ยวข้อง แนวคิดการจัดทำหนังสือการพยาบาลผู้ป่วยที่บ้าน วัตถุประสงค์การพยาบาลผุ้ป่วยที่บ้าน เป้าหมายของการพยาบาลผู้ป่วยที่บ้านประโยชน์ของการพยาบาลผู้ป่วยที่บ้าน ปัจจัยนำเข้าการดำเนินงาน ทีมเยี่ยมบ้าน คุณสมบัติของพยาบาลผู้ให้การพยาบาลผุ้ป่วยที่บ้าน
650    ^aการพยาบาลผู้ป่วยที่บ้าน
945    ^p0^l0^i034384
945    ^p0^l0^i034385
999    ^aเกษร โพธิ์สุวรรณ
รายการนี้ยังไม่มีแท็ก
คุณยังไม่ได้ล็อกอิน คุณสามารถมีกิจกรรมร่วมกับเว็บไซต์ได้ แต่ต้องล็อกอินก่อน ::
  ล็อกอิน

รายการสื่อสารสนเทศ

ลำดับที่ ประเภท เลขเรียก/บาร์โค้ด สถานที่ สถานะ
1. Book การพยาบาล
หนังสือสำรอง
สถานะ=หนังสือสำรอง
WY200 ส492ก ฉ.1 
  Barcode: 034384
ห้องสมุดวิทยาเขตสวรรค์ประชารักษ์
►หนังสือทั่วไป
บนชั้น
2. Book การพยาบาล
Book การพยาบาล
WY200 ส492ก ฉ.2 
  Barcode: 034385
ห้องสมุดวิทยาเขตสวรรค์ประชารักษ์
►หนังสือทั่วไป
บนชั้น

BibComment


ยังไม่เคยถูกคอมเมนท์

คอมเมนท์ทรัพยากรรายการนี้
  คอมเมนท์: การพยาบาลผู้ป่วย..


 Copyright 2026. Bcnsprnw @Library